| 000 | 005990000a22001810004500 | ||
|---|---|---|---|
| 090 |
_aAR _b00381 |
||
| 245 | 1 | 0 | _aMicroscopic and immunohistologic anatomy of the endocrine pancreas of pygmy and dwarf sperm whales (<Kogiidae>) |
| 650 | 1 | 4 |
_aMicrobiología _96791 |
| 650 | 1 | 4 |
_aBallenas _993314 |
| 650 | 1 | 4 |
_aHistología _951699 |
| 653 |
_fKogiidae _gKogia _eKogia breviceps |
||
| 041 | 0 | _aInglés | |
| 700 | 1 |
_aReynolds, John E. _993280 |
|
| 700 | 1 |
_aBossart, Gregory _993315 |
|
| 100 | 1 |
_aDellner Brown, Eileen _993316 |
|
| 942 | _cARTICULO | ||
| 773 | 1 |
_tMarine Mammal Science _3156 _h4 _q291-296 _d1988 _g4 |
|
| 999 |
_c9478 _d9478 |
||